CATEDRA UNESCO, 1995: COMUNICACION, TECNOLOGIAS Y NUEVOS MODOS DE ADQUISICION, PRODUCCION Y DIFUSION DE CONOCIMIENTO /

Salvato in:
Dettagli Bibliografici
Altri autori: Pérez, Gabriel Jaime (edición) (edición)
Natura: Libro
Soggetti:
Tags: Aggiungi Tag
Nessun Tag, puoi essere il primo ad aggiungerne!!

MARC

LEADER 00000nam^a2200000^a^4500
001 000229453
005 20250521000000.0
009 20260310104403.045
035 |a 049449 
037 |a Acervo Xavier Clavigero 
082 |a 302.  |b CAT 
245 1 0 |a CATEDRA UNESCO, 1995:  |b COMUNICACION, TECNOLOGIAS Y NUEVOS MODOS DE ADQUISICION, PRODUCCION Y DIFUSION DE CONOCIMIENTO /  |c ED. GABRIEL JAIME PEREZ 
264 |a SANTA FE DE BOGOTA :  |b PONTIFICIA UNIVERSIDAD JAVERIANA, JAVEGRAF,  |c 1996 
300 |a 217p. :  |b tbs. 
336 |a texto  |b txt  |2 rdacontenido 
337 |a sin mediación  |b n  |2 rdamedio 
338 |a volumen  |b nc  |2 rdasoporte 
649 |a XX 
650 |a Comunicación 
650 |a Tecnologías de Comunicación e Información 
650 |a Sociología del Conocimiento 
700 |a Pérez, Gabriel Jaime  |e (edición) 
910 |a Fondo General 
920 |a Impresos - Libros 
930 |a Colección General 
905 |a 101 
901 |a 049449  |b IT1  |c ACC  |i 049449  |u 20250521 
902 |a https://opac.biblio.iteso.mx/vufind/Record/000229453